1339 1816 1504 1473 1435 1230 1167 1928 1414 1510 1770 1227 1058 1703 1096 1728 1460 1266 1067 1398 1653 1012 1233 1954 1593 1339 1347 1913 1807 1407 1033 1338 1678 1458 1343 1247 1484 1816 1200 1363 1233 1156 1268 1985 1685 1979 1525 1212 1923 1948 1526 1262 1454 1727 1847 1447 1793 1660 1672 1136 1034 1075 1432 1763 1959 1621 1905 1495 1961 1012 1311 1887 1063 1164 1190 1091 1416 1785 1455 1203 1257 1898 1706 1520 1614 1473 1993 1029 1907 1791 1495 1321 1049 1760 1652 1918 1787 1070 1208 BCNSPRNW ULIB Ver.6.0+V

เปลี่ยนเป็นภาษาไทย

Change to English
 แสดงรายละเอียดบรรณานุกรม
  กลับหน้าหลัก

Brief Record : Get Marc (ISO 2709) : E-mail record : QR code < ปิดหน้าต่าง
LEADER : 00000nam 2200000uu 4500
001    13399110361
003     ULIB
008    110429s2553||||th 000 0 tha d
020    9789741112180
060 04 WN440^bพ987M 2553
245 00 MRI :^bหลักการและความปลอดภัยในการใช้งาน /^cบรรณาธิการ,ไพรัช สายวิรุณพร
250    พิมพ์ครั้งที่ 1
260    กรุงเทพฯ :^bโครงการตำรา-ศิริราชสำนักงานรองคณบดีฝ่ายวิชาการ คณะแพทยศาสตร์ศิริราชพยาบาล มหาวิทยาลัยมหิดล,^c2553
300    145, [4] หน้า :^bภาพประกอบ ;^c29 ซม.
440  0 โครงการตำรา-ศิริราช
650  7 ความปลอดภัยในการทำงาน
650  7 แมกเนติก เรโซเนนซ์ อิแมจจิง
653    ผลงานอาจารย์คณะแพทยศาสตร์ศิริราชพยาบาล
700 0  ไพรัช สายวิรุณพร,^eบรรณาธิการ
710 2  มหาวิทยาลัยมหิดล. ^bคณะแพทยศาสตร์ศิริราชพยาบาล.^bสำนักงานรองคณบดีฝ่ายวิชาการ. ^bโครงการตำรา-ศิริราช
945    ^p450^l0^i028756
945    ^p450^l0^i028754
945    ^p450^l0^i028755
995    ทศพร
999 ^a ใช้งานได้ทุกระบบ
รายการนี้ยังไม่มีแท็ก
คุณยังไม่ได้ล็อกอิน คุณสามารถมีกิจกรรมร่วมกับเว็บไซต์ได้ แต่ต้องล็อกอินก่อน ::
  ล็อกอิน

รายการสื่อสารสนเทศ

ลำดับที่ ประเภท เลขเรียก/บาร์โค้ด สถานที่ สถานะ
- ไม่พบข้อมูล -

รายการใกล้เคียง
    หัวเรื่อง [ความปลอดภัยในการทำงาน]
    หัวเรื่อง [แมกเนติก เรโซเนนซ์ อิแมจจิง]

BibComment


ยังไม่เคยถูกคอมเมนท์

คอมเมนท์ทรัพยากรรายการนี้
  คอมเมนท์: MRI หลักการและคว..


 Copyright 2026. Bcnsprnw @Library